县级行政区知识问答#16 海城市 Haicheng Multiple-choice - Statistics

General Stats
  • This quiz has been taken 9 times
    8 since last reset
  • The average score is 6 of 10
Answer Stats
Question Answer % Correct
海城市隶属于辽宁省哪个地级市? 鞍山市
88%
海城市“牛庄古镇”在近代史上的重要地位是? 早期通商口岸
88%
海城市国家级非物质文化遗产“海城高跷秧歌”起源于哪个朝代? 清代
75%
海城市境内储量全国第一的矿产资源是? 菱镁矿
50%
海城市“厝石山公园”的“厝石山”属于哪种地貌? 海蚀地貌
50%
海城市境内的“海城河”注入哪条水系? 浑河
50%
海城市“唐王山”名称的由来与哪位历史人物相关? 唐太宗
50%
海城市“1975年海城地震”的震级是多少? 7.3级
50%
海城市“析木城石棚”属于哪个时期的文化遗存? 青铜时代
38%
海城市“耿庄大蒜”的主要特点是? 辣味浓郁
38%
No matching quizzes found
Score Distribution
Percent of People with Each Score
Percentile by Number Answered
Your Score History
You have not taken this quiz since the last reset